[Event "SR 4. liga A21 2009/2010"]
[Site "?"]
[Date "2010.01.10"]
[Round "6.6"]
[White "Spacek, Marcel"]
[Black "Lanyi, Frantisek"]
[Result "0-1"]
[WhiteElo "1585"]
[BlackElo "1714"]
[PlyCount "109"]
[EventDate "2010.??.??"]

1. d4 d5 2. c4 e6 3. Nc3 Nf6 4. cxd5 Nxd5 5. e4 Nxc3 6. bxc3 Be7 7. Nf3 Nd7 8.
Bd3 b6 9. O-O Bb7 10. Qc2 O-O 11. Bf4 c5 12. e5 h6 13. Be4 Bxe4 14. Qxe4 cxd4
15. cxd4 b5 16. Rfc1 Nb6 17. Rab1 b4 18. Ne1 Nd5 19. Bd2 a5 20. Nd3 Qd7 21. Nc5
Bxc5 22. Rxc5 Rfc8 23. Rbc1 Rxc5 24. Rxc5 Qa4 25. Qb1 b3 26. Qxb3 Qxd4 27. Qc2
Qa1+ 28. Bc1 Qxe5 29. g3 Qe1+ 30. Kg2 Kh8 31. Bd2 Qe2 32. Qc1 Qe4+ 33. Kg1 Nb4
34. Bxb4 Qxb4 35. Rc8+ Rxc8 36. Qxc8+ Kh7 37. Qc2+ g6 38. Qc7 Qb1+ 39. Kg2 Qf5
40. Qf4 Qxf4 41. gxf4 f5 42. Kf3 g5 43. Ke3 Kg6 44. a4 gxf4+ 45. Kxf4 Kf6 46.
Ke3 e5 47. Kd3 e4+ 48. Kd4 Kg5 49. Kc5 Kf4 50. Kb5 Kf3 51. Kxa5 Kxf2 52. Kb6 e3
53. a5 e2 54. a6 e1=Q 55. a7 0-1

[Event "SR 4. liga A21 2009/2010"]
[Site "?"]
[Date "2010.01.24"]
[Round "7.1"]
[White "Blatnicky, Miroslav"]
[Black "Slaby, Jozef"]
[Result "1-0"]
[WhiteElo "2109"]
[BlackElo "1963"]
[PlyCount "97"]
[EventDate "2010.??.??"]

1. d4 d5 2. c4 e6 3. Nc3 Nf6 4. Bg5 Be7 5. Nf3 O-O 6. e3 b6 7. cxd5 exd5 8. Bd3
h6 9. Bh4 Bb7 10. Rc1 Nbd7 11. O-O c5 12. Bb1 Ne4 13. Bxe7 Qxe7 14. dxc5 Nxc3
15. Rxc3 bxc5 16. Qc2 f5 17. Qa4 c4 18. Nd4 g6 19. b3 Nb6 20. Qa5 Rf6 21. Rfc1
h5 22. a4 Kg7 23. Ba2 Qe4 24. f3 Qh4 25. bxc4 dxc4 26. Bxc4 Kh6 27. Qe5 Rff8
28. a5 Nxc4 29. Rxc4 Qf6 30. Qf4+ g5 31. Qg3 Qe7 32. Qf2 Qa3 33. a6 Bd5 34. Rc5
Rf6 35. Qd2 Be6 36. Rc6 Re8 37. h4 gxh4 38. e4+ f4 39. Nxe6 Rexe6 40. Rxe6 Rxe6
41. Qxf4+ Kg7 42. Rc7+ Kh8 43. Rc8+ Kg7 44. Qg5+ Kf7 45. Qxh5+ Kf6 46. Qf5+ Kg7
47. Rc7+ Re7 48. Qg5+ Kf7 49. Rxe7+ 1-0

[Event "SR 4. liga A21 2009/2010"]
[Site "?"]
[Date "2010.01.24"]
[Round "7.1"]
[White "Kramarik, Peter"]
[Black "Vagovic, Milan"]
[Result "1/2-1/2"]
[WhiteElo "2017"]
[BlackElo "1654"]
[PlyCount "120"]
[EventDate "2010.??.??"]

1. d4 d5 2. Nf3 Nf6 3. c4 e6 4. Bg5 Nbd7 5. e3 Be7 6. Nc3 O-O 7. Bd3 c6 8. O-O
Ne8 9. Bxe7 Qxe7 10. Qc2 Nef6 11. Rfe1 h6 12. Rac1 b6 13. cxd5 cxd5 14. Na4 Bb7
15. Qb3 Rfc8 16. a3 Qd6 17. Nc3 a6 18. a4 Rc6 19. Na2 Rac8 20. Rxc6 Bxc6 21.
Bxa6 Ra8 22. Bb5 Ne4 23. Rc1 Bxb5 24. Qxb5 Ra5 25. Qb3 g5 26. Qc2 Ra8 27. Ne1
b5 28. f3 Nef6 29. Nc3 bxa4 30. Nxa4 Qb4 31. Nc3 Rc8 32. Nd3 Qb7 33. Ra1 Nb6
34. Qb3 Nfd7 35. Na4 Qa7 36. Ra2 Rb8 37. Nac5 Nxc5 38. Nxc5 Qe7 39. Qd3 e5 40.
b3 Nd7 41. Nxd7 e4 42. fxe4 dxe4 43. Qxe4 Qxd7 44. Ra8 Rxa8 45. Qxa8+ Kg7 46.
Qb8 f6 47. Qb4 Qc8 48. Qd2 Qf5 49. Qd1 g4 50. Qe1 Qe4 51. b4 f5 52. Qc1 Kf6 53.
b5 Kg5 54. Kf2 h5 55. Qc7 h4 56. Qg7+ Kh5 57. Qh7+ Kg5 58. Qc7 Kh5 59. b6 h3
60. Qh7+ Kg5 1/2-1/2

[Event "SR 4. liga A21 2009/2010"]
[Site "?"]
[Date "2010.01.24"]
[Round "7.1"]
[White "Kupkovic, Miroslav"]
[Black "Jakubec, Milan"]
[Result "0-1"]
[WhiteElo "1690"]
[BlackElo "2039"]
[PlyCount "108"]
[EventDate "2010.??.??"]

1. Nf3 d5 2. c4 e6 3. d4 Nf6 4. cxd5 exd5 5. Bg5 c6 6. h3 Qa5+ 7. Bd2 Qb6 8.
Bc3 Ne4 9. e3 Nxc3 10. bxc3 Bd6 11. Qb3 Nd7 12. Qxb6 axb6 13. c4 Bb4+ 14. Nbd2
Nf6 15. cxd5 Nxd5 16. Bc4 Be6 17. O-O b5 18. Bb3 Nc3 19. Bxe6 fxe6 20. Nb3 Ke7
21. Ne5 Nxa2 22. Nd3 Bd6 23. Nbc5 Bxc5 24. Nxc5 b6 25. Ne4 Ra4 26. Rab1 Rha8
27. Rb3 Ra3 28. Rfb1 b4 29. Kf1 Rxb3 30. Rxb3 Ra5 31. Rb2 Kd7 32. Ke1 Kc7 33.
Kd2 h6 34. h4 Ra3 35. Kc2 Nc3 36. Nxc3 Rxc3+ 37. Kd2 c5 38. dxc5 bxc5 39. Ra2
Ra3 40. Rb2 Kd6 41. Kd1 Ra1+ 42. Ke2 Kd5 43. f3 Kc4 44. Rc2+ Kb5 45. Rd2 b3 46.
Rd7 Ra2+ 47. Kd3 c4+ 48. Ke4 Kc6 49. Rd8 Ra7 50. Rc8+ Rc7 51. Rb8 Rb7 52. Rc8+
Kd7 53. Rxc4 b2 54. Rd4+ Ke7 0-1

[Event "SR 4. liga A21 2009/2010"]
[Site "?"]
[Date "2010.01.24"]
[Round "7.1"]
[White "Lanyi, Frantisek"]
[Black "Piestansky, Jan"]
[Result "1/2-1/2"]
[WhiteElo "1714"]
[BlackElo "1586"]
[PlyCount "115"]
[EventDate "2010.??.??"]

1. e4 e5 2. Nf3 d6 3. d4 exd4 4. Nxd4 h6 5. Bc4 Nf6 6. O-O Be7 7. Re1 O-O 8.
Nc3 a6 9. Nd5 Nxd5 10. exd5 Bf6 11. Be3 Bd7 12. c3 Re8 13. Qd3 Bg5 14. Re2 Bxe3
15. Rxe3 Rxe3 16. Qxe3 Qe8 17. Re1 Qxe3 18. Rxe3 Kf8 19. Bd3 g6 20. f4 a5 21.
f5 gxf5 22. Bxf5 Be8 23. Bg4 Nd7 24. Nf5 Nf6 25. Bf3 Bd7 26. Nd4 Re8 27. Kf2
Rxe3 28. Kxe3 Kg7 29. Kf4 Kg6 30. Be4+ Kg7 31. c4 Nh5+ 32. Ke3 Kf6 33. h3 Ng7
34. g4 Ke5 35. Nf3+ Kf6 36. Kf4 c5 37. dxc6 Bxc6 38. Bxc6 bxc6 39. h4 Ne6+ 40.
Ke4 Nc5+ 41. Kd4 Ne6+ 42. Ke3 a4 43. Nd4 Nxd4 44. Kxd4 Ke6 45. b4 axb3 46. axb3
c5+ 47. Ke4 Kf6 48. Kd5 Ke7 49. g5 hxg5 50. hxg5 Kd7 51. Ke4 Ke6 52. Kf4 Ke7
53. Kf5 Kf8 54. Kf6 Ke8 55. g6 fxg6 56. Kxg6 Ke7 57. Kf5 Kf7 58. Kf4 1/2-1/2

[Event "SR 4. liga A21 2009/2010"]
[Site "?"]
[Date "2010.01.24"]
[Round "7.1"]
[White "Pripko, Bystrik"]
[Black "Bjel, Jan"]
[Result "0-1"]
[WhiteElo "1591"]
[BlackElo "1837"]
[PlyCount "70"]
[EventDate "2010.??.??"]

1. e4 c5 2. Bc4 e6 3. a3 d5 4. exd5 exd5 5. Ba2 Nc6 6. c3 Nf6 7. h3 Bd6 8. Nf3
Be6 9. d3 h6 10. b4 b6 11. O-O Qd7 12. b5 Ne5 13. Nxe5 Bxe5 14. d4 Bd6 15. Bb3
O-O 16. a4 Bxh3 17. Qf3 Bg4 18. Qd3 c4 19. Bxc4 dxc4 20. Qxc4 Rfe8 21. Be3 Qf5
22. Nd2 Qh5 23. f3 Rxe3 24. fxg4 Nxg4 25. Nf3 Bh2+ 26. Kh1 Bg3+ 27. Kg1 Nh2 28.
Ne5 Nxf1 29. Qxf7+ Qxf7 30. Nxf7 Kxf7 31. Rxf1+ Ke7 32. c4 Re1 33. Rxe1+ Bxe1
34. Kf1 Bc3 35. d5 Rc8 0-1

[Event "SR 4. liga A21 2009/2010"]
[Site "?"]
[Date "2010.01.24"]
[Round "7.2"]
[White "Brisudova, Veronika"]
[Black "Skapik, Branislav"]
[Result "0-1"]
[WhiteElo "1737"]
[BlackElo "1847"]
[PlyCount "108"]
[EventDate "2010.??.??"]

1. e4 d5 2. exd5 Nf6 3. Nf3 Nxd5 4. Bc4 Bg4 5. O-O e6 6. Re1 Be7 7. d4 O-O 8.
c3 Nd7 9. Nbd2 Re8 10. Nf1 N7b6 11. Bd3 c5 12. Be3 Nxe3 13. fxe3 Bh4 14. g3 Be7
15. N1d2 h5 16. Qc2 c4 17. Bf1 Rc8 18. Ne5 Bg5 19. Ndxc4 Nxc4 20. Bxc4 Rxc4 21.
Nxc4 Qd5 22. Ne5 Bh3 23. e4 Qd8 24. Qf2 Rf8 25. Nf3 Bh6 26. Kh1 f5 27. e5 Qd5
28. c4 Qxc4 29. Ng1 Qd5+ 30. Qf3 Qxf3+ 31. Nxf3 f4 32. gxf4 Rxf4 33. Ng1 Bf5
34. Ne2 Be4+ 35. Kg1 Rg4+ 36. Kf1 Be3 37. Ng3 Bd3+ 38. Re2 Bxd4 39. Rd1 Bxe2+
40. Kxe2 Bxe5 41. Rd8+ Kh7 42. Kf3 Bxb2 43. Rd7 Rb4 44. Ne4 Kg6 45. Nc5 e5 46.
Nxb7 Rf4+ 47. Ke2 Rf7 48. Rxf7 Kxf7 49. Nd6+ Ke6 50. Nc4 Bd4 51. Kd3 g5 52. Ke4
g4 53. Nd2 h4 54. Nf1 Bf2 0-1

[Event "SR 4. liga A21 2009/2010"]
[Site "?"]
[Date "2010.01.24"]
[Round "7.2"]
[White "Danihel, Jozef"]
[Black "Spacek, Marcel"]
[Result "0-1"]
[WhiteElo "1546"]
[BlackElo "1585"]
[PlyCount "73"]
[EventDate "2010.??.??"]

1. e4 c5 2. Nf3 Nc6 3. d4 cxd4 4. Nxd4 Nf6 5. Nc3 e5 6. Ndb5 d6 7. Bg5 a6 8.
Na3 b5 9. Nd5 Be7 10. Bxf6 Bxf6 11. c3 O-O 12. Be2 Bg5 13. Bg4 Be6 14. Nc2 Rb8
15. O-O Qd7 16. Bxe6 fxe6 17. Nde3 Kh8 18. g3 Nd8 19. Qg4 Bh6 20. Rad1 Nb7 21.
Qh5 Bxe3 22. Nxe3 Nc5 23. f3 Qa7 24. Rf2 Nxe4 25. Re2 Rf5 26. Qg4 Nf6 27. Qh3
Rxf3 28. Rde1 Nd5 29. Qxe6 Nxe3 30. Kh1 Rf6 31. Qh3 Qb7+ 32. Kg1 Nd5 33. Re4
Rbf8 34. Rh4 g6 35. Rh6 Qa7+ 36. Kg2 Ne3+ 37. Rxe3 {time} 0-1

[Event "SR 4. liga A21 2009/2010"]
[Site "?"]
[Date "2010.01.24"]
[Round "7.2"]
[White "Kubis, Ivan"]
[Black "Spacek, Oliver"]
[Result "1/2-1/2"]
[WhiteElo "2025"]
[BlackElo "1779"]
[PlyCount "95"]
[EventDate "2010.??.??"]

1. e4 c5 2. Nf3 Nc6 3. d4 cxd4 4. Nxd4 Nf6 5. Nc3 e5 6. Ndb5 d6 7. Bg5 a6 8.
Bxf6 gxf6 9. Na3 b5 10. Nd5 f5 11. Bd3 Be6 12. O-O Bxd5 13. exd5 Ne7 14. c3 Qc8
15. Qh5 Bg7 16. Rad1 O-O 17. Bb1 Re8 18. Nc2 f4 19. Nb4 h6 20. Rfe1 a5 21. Nc6
Nxd5 22. Rxd5 Qxc6 23. Be4 Qb6 24. Red1 Rad8 25. b4 Qc7 26. Qf3 Qc4 27. Bd3
Qxa2 28. Bxb5 Rf8 29. bxa5 Qxa5 30. Bd3 Qc7 31. Bf5 Rfe8 32. Qd3 Bf8 33. g4 Be7
34. Rb1 Rb8 35. Rdb5 Rxb5 36. Rxb5 Rb8 37. c4 Qa7 38. Be4 Bh4 39. Qc2 Bd8 40.
Bd5 Kg7 41. Bxf7 Rxb5 42. Qg6+ Kf8 43. Qg8+ Ke7 44. Qe8+ Kf6 45. Qe6+ Kg7 46.
Qg6+ Kf8 47. Qg8+ Ke7 48. Qe8+ 1/2-1/2

[Event "SR 4. liga A21 2009/2010"]
[Site "?"]
[Date "2010.01.24"]
[Round "7.2"]
[White "Pericka, Pavol"]
[Black "Planka, Peter"]
[Result "1-0"]
[WhiteElo "1717"]
[BlackElo "1776"]
[PlyCount "83"]
[EventDate "2010.??.??"]

1. e4 e5 2. Bc4 Nc6 3. Nf3 Be7 4. Nc3 d6 5. h3 Na5 6. Be2 Nf6 7. d3 O-O 8. Nd5
h6 9. O-O Nc6 10. c3 Re8 11. Nh2 Bf8 12. Ne3 d5 13. exd5 Nxd5 14. Nxd5 Qxd5 15.
f4 Bc5+ 16. Kh1 exf4 17. Bxf4 Bd6 18. Bf3 Qe6 19. Qd2 Bxf4 20. Qxf4 Qe5 21. Qh4
Qe7 22. Qf2 Be6 23. d4 Bc4 24. Rfe1 Qd7 25. Ng4 Rxe1+ 26. Rxe1 Bd5 27. Be2 Bxa2
28. Ne3 Bd5 29. c4 Be4 30. d5 Ne7 31. Qf4 Bg6 32. Ng4 Qd6 33. Ne5 Qf6 34. Nxg6
fxg6 35. Qxc7 Qf2 36. Qa5 Nf5 37. Qd2 Re8 38. d6 Ng3+ 39. Kh2 Rxe2 40. Rxe2
Qxe2 41. Qxe2 Nxe2 42. d7 1-0

[Event "SR 4. liga A21 2009/2010"]
[Site "?"]
[Date "2010.01.24"]
[Round "7.2"]
[White "Pericka, Tomas"]
[Black "Vach, Jozef"]
[Result "1-0"]
[WhiteElo "1910"]
[BlackElo "1907"]
[PlyCount "59"]
[EventDate "2010.??.??"]

1. e4 e5 2. Nf3 Nc6 3. Bc4 Be7 4. O-O d6 5. d4 Nf6 6. Re1 Bg4 7. dxe5 Nxe5 8.
Nbd2 Bxf3 9. gxf3 Nxc4 10. Nxc4 d5 11. Na5 c6 12. Bd2 Qc7 13. exd5 Nxd5 14. c4
Nf6 15. Qe2 Kf8 16. Bf4 Qxf4 17. Qxe7+ Kg8 18. Nxb7 h6 19. Nd6 Kh7 20. Re3 Rhd8
21. c5 Qg5+ 22. Kh1 Rd7 23. Qe5 Qh4 24. Qg3 Qb4 25. Rg1 g5 26. Nf5 Rg8 27. Qh3
h5 28. Ne7 Re8 29. Qf5+ Kg7 30. Qxg5+ 1-0

[Event "SR 4. liga A21 2009/2010"]
[Site "?"]
[Date "2010.01.24"]
[Round "7.3"]
[White "Beran, Jan"]
[Black "Pagerka, Slavomir"]
[Result "1/2-1/2"]
[WhiteElo "1690"]
[BlackElo "1736"]
[PlyCount "77"]
[EventDate "2010.??.??"]

1. d4 e6 2. c4 d5 3. Nc3 Nf6 4. e3 c5 5. Nf3 Nc6 6. cxd5 Nxd5 7. Nxd5 Qxd5 8.
Bb5 Bd7 9. O-O Be7 10. a3 cxd4 11. Bxc6 Bxc6 12. Qxd4 Bf6 13. Qxd5 Bxd5 14. Nd4
Bxd4 15. exd4 O-O-O 16. Be3 b6 17. Rac1+ Kb7 18. Rc3 Rc8 19. Rfc1 Rxc3 20. Rxc3
Rc8 21. Bd2 Rxc3 22. Bxc3 a5 23. g3 g5 24. Kf1 Bf3 25. Ke1 Kc6 26. Kd2 Kd5 27.
Ke3 Bd1 28. h3 Bb3 29. f4 f6 30. Bd2 Bc2 31. fxg5 fxg5 32. Bc3 Bf5 33. h4 gxh4
34. gxh4 h5 35. Kf4 a4 36. Kg5 Bg4 37. Kf6 b5 38. Ke7 Kc4 39. Kd6 1/2-1/2

[Event "SR 4. liga A21 2009/2010"]
[Site "?"]
[Date "2010.01.24"]
[Round "7.3"]
[White "Gasa, Patrik"]
[Black "Bendzela, Tibor"]
[Result "0-1"]
[WhiteElo "1465"]
[BlackElo "1455"]
[PlyCount "88"]
[EventDate "2010.??.??"]

1. d4 Nf6 2. c4 e5 3. e3 Nc6 4. d5 Bb4+ 5. Bd2 Bxd2+ 6. Nxd2 Ne7 7. e4 d6 8.
Bd3 Bd7 9. Ne2 a5 10. O-O O-O 11. Qc2 Qb8 12. f4 Qa7+ 13. Kh1 Ng4 14. h3 Ne3
15. Qc1 Nxf1 16. Qxf1 Qe3 17. Ng1 Qxd2 18. f5 f6 19. Nf3 Qf4 20. Qe2 Be8 21.
Rf1 h5 22. Nd4 Qh6 23. Nf3 h4 24. Qf2 Qf4 25. Qe1 Qg3 26. Qd2 Bh5 27. Nh2 Qg5
28. Qf2 a4 29. Be2 Bxe2 30. Qxe2 a3 31. b3 Kf7 32. Nf3 Qg3 33. Qd2 Rh8 34. Ne1
Qg5 35. Qc3 Rh5 36. Nf3 Qh6 37. c5 Ra6 38. cxd6 cxd6 39. Qb4 Qe3 40. Qc4 Ra5
41. Re1 Qf2 42. Re2 Qf1+ 43. Kh2 Rc5 44. Nd2 Qf4+ 0-1

[Event "SR 4. liga A21 2009/2010"]
[Site "?"]
[Date "2010.01.24"]
[Round "7.3"]
[White "Jozefek, Michal"]
[Black "Palka, Martin"]
[Result "1-0"]
[WhiteElo "1902"]
[BlackElo "1889"]
[PlyCount "77"]
[EventDate "2010.??.??"]

1. d4 Nf6 2. c4 g6 3. Nc3 d5 4. cxd5 Nxd5 5. e4 Nxc3 6. bxc3 Bg7 7. Bc4 O-O 8.
Ne2 c5 9. O-O Nc6 10. Be3 cxd4 11. cxd4 Na5 12. Bd3 Bg4 13. f3 Bd7 14. Qd2 Rc8
15. Rab1 b6 16. Rbc1 Rxc1 17. Rxc1 Qb8 18. Bf4 e5 19. Bg3 Rc8 20. Ba6 Rxc1+ 21.
Nxc1 Qd6 22. d5 Nc4 23. Bxc4 Qc5+ 24. Bf2 Qxc4 25. h3 Bf8 26. Nd3 f6 27. Kh2
Bd6 28. g4 Bb5 29. Nb2 Qxa2 30. Qc3 Bd7 31. Kg3 b5 32. Nd3 b4 33. Nxb4 Qa5 34.
Be1 Qb5 35. Nd3 f5 36. Bf2 fxe4 37. fxe4 a5 38. Nxe5 a4 39. Kg2 {
cierny prekrocil cas} 1-0

[Event "SR 4. liga A21 2009/2010"]
[Site "?"]
[Date "2010.01.24"]
[Round "7.3"]
[White "Lanik, Miroslav"]
[Black "Danada, Tomas"]
[Result "1/2-1/2"]
[WhiteElo "1745"]
[BlackElo "1789"]
[PlyCount "66"]
[EventDate "2010.??.??"]
[TimeControl "240+2"]

{393MB, Rybka3.ctg, TOMAS-PCXP} 1. e4 e6 2. d4 d5 3. e5 c5 4. c3 Qb6 5. Nf3 Bd7
6. a3 Bb5 7. Be2 Nc6 8. Be3 Bxe2 9. Qxe2 c4 10. Qc2 Nge7 11. Nbd2 Na5 12. Rb1
Qc6 13. O-O Rc8 14. Rfe1 Nf5 15. h3 Be7 16. Nf1 Nb3 17. N3d2 Na5 18. Nf3 h6 19.
Bd2 Nb3 20. Ne3 $11 Nh4 21. Nxh4 Bxh4 22. Nf1 Be7 23. Be3 b5 24. Nd2 Na5 25. f4
g6 26. Nf3 Qb6 27. Qe2 Kd7 28. Nd2 a6 29. Qf3 Qd8 30. Bf2 Qg8 31. g4 h5 32. g5
Qd8 33. h4 Nc6 1/2-1/2

[Event "SR 4. liga A21 2009/2010"]
[Site "?"]
[Date "2010.01.24"]
[Round "7.3"]
[White "Nemeckayova, Monika"]
[Black "Tokos, Rastislav"]
[Result "1-0"]
[WhiteElo "1822"]
[BlackElo "1926"]
[PlyCount "31"]
[EventDate "2010.??.??"]
[TimeControl "240+2"]

{393MB, Rybka3.ctg, TOMAS-PCXP} 1. d4 d5 2. c4 dxc4 3. Nf3 Nf6 4. Qa4+ Nbd7 5.
Nc3 g6 6. e4 c6 7. Bxc4 b5 8. Bxf7+ Kxf7 9. Ng5+ Ke8 10. Qb3 e6 11. Nxe6 Qb6
12. Bf4 Bb7 13. Bc7 Qa6 14. Ng7+ Bxg7 15. Qe6+ Kf8 16. Bd6# 1-0

[Event "SR 4. liga A21 2009/2010"]
[Site "?"]
[Date "2010.01.24"]
[Round "7.4"]
[White "Fedorko, Tomas"]
[Black "Veres, Marcel"]
[Result "1-0"]
[WhiteElo "1379"]
[BlackElo "1526"]
[PlyCount "33"]
[EventDate "2010.??.??"]

1. d4 d5 2. c4 dxc4 3. Nc3 Nc6 4. e3 Nf6 5. Bxc4 Bf5 6. Nf3 e6 7. O-O Bb4 8. a3
Bxc3 9. bxc3 Ne4 10. Bb2 O-O 11. Bd3 Qf6 12. Qc2 Nd6 13. e4 Bg4 14. e5 Qf4 15.
Bc1 Qxf3 16. gxf3 Bxf3 17. exd6 1-0

[Event "SR 4. liga A21 2009/2010"]
[Site "?"]
[Date "2010.01.24"]
[Round "7.4"]
[White "Manak, Adrian"]
[Black "Nedorost, Lubomir"]
[Result "1-0"]
[WhiteElo "1815"]
[BlackElo "1620"]
[PlyCount "59"]
[EventDate "2010.??.??"]

1. e4 c5 2. Nf3 d6 3. d4 cxd4 4. Nxd4 Nf6 5. Nc3 g6 6. Bc4 Bg7 7. Be3 Nc6 8. f3
O-O 9. Qd2 a6 10. Bb3 Na5 11. O-O-O Nxb3+ 12. Nxb3 b5 13. g4 b4 14. Ne2 a5 15.
Nbd4 Qc7 16. g5 Nh5 17. Ng3 Qc4 18. Kb1 Be6 19. Nxe6 Qxe6 20. Nxh5 gxh5 21. Bd4
Rfb8 22. Bxg7 Kxg7 23. Qd4+ Kg8 24. f4 a4 25. f5 Qd7 26. Rhg1 b3 27. cxb3 axb3
28. axb3 Rxb3 29. g6 f6 30. Qd5+ 1-0

[Event "SR 4. liga A21 2009/2010"]
[Site "?"]
[Date "2010.01.24"]
[Round "7.4"]
[White "Nemsak, Denis"]
[Black "Siska, Michal"]
[Result "1-0"]
[WhiteElo "1645"]
[BlackElo "1607"]
[PlyCount "163"]
[EventDate "2010.??.??"]

1. c4 c5 2. Nc3 Nf6 3. Nf3 b6 4. g3 Bb7 5. Bg2 g6 6. O-O Bg7 7. a3 Nc6 8. Rb1
a5 9. d3 O-O 10. Qb3 d6 11. Na4 Nd7 12. Bd2 Ra6 13. Bc3 Qa8 14. Bh3 e6 15. Bxg7
Kxg7 16. Nc3 Na7 17. Nd2 f5 18. e4 Ne5 19. Qc2 Nac6 20. Qd1 Nd4 21. Bg2 b5 22.
b3 b4 23. Ne2 Nxe2+ 24. Qxe2 bxa3 25. Ra1 Nc6 26. Rxa3 Nd4 27. Qd1 d5 28. exd5
exd5 29. Re1 Rf7 30. Re5 Raf6 31. f4 Nc6 32. cxd5 Nxe5 33. fxe5 Ra6 34. Qf3 Qa7
35. Nc4 Rd7 36. Ne3 c4 37. dxc4 Qd4 38. Qe2 Ra8 39. Ra2 Ra7 40. e6 Rd8 41. Qb2
Qxb2 42. Rxb2 Kf6 43. Kf2 Rb8 44. Ke2 Bc8 45. Kd3 a4 46. Kc3 Rab7 47. b4 a3 48.
Rb3 Ra7 49. Nc2 a2 50. Kb2 Ra4 51. Ka1 Ba6 52. Bf1 Rc8 53. b5 Bb7 54. Nb4 h6
55. Bd3 g5 56. Rb2 Rca8 57. Bc2 Ra3 58. Bb3 f4 59. gxf4 gxf4 60. Bxa2 f3 61.
Rf2 Rg8 62. Kb2 Rg2 63. Kxa3 Rxf2 64. Bb1 Rd2 65. Be4 f2 66. Bg2 Rd1 67. Nc2
f1=Q 68. Bxf1 Rxf1 69. Kb4 Rf4 70. Kc5 Ke7 71. Nd4 Bc8 72. Nc6+ Ke8 73. Ne5 Re4
74. Kd6 Re2 75. c5 Rb2 76. b6 Rxh2 77. Kc7 Ba6 78. d6 Bb5 79. b7 Kf8 80. b8=Q+
Kg7 81. Kb6 Be2 82. Qc7+ 1-0

[Event "SR 4. liga A21 2009/2010"]
[Site "?"]
[Date "2010.01.24"]
[Round "7.4"]
[White "Oravec, Pavol"]
[Black "Gono, Tomas"]
[Result "1-0"]
[WhiteElo "1000"]
[BlackElo "1000"]
[PlyCount "99"]
[EventDate "2010.??.??"]

1. e4 e5 2. Nf3 Nc6 3. Bb5 a6 4. Ba4 Bc5 5. O-O Nf6 6. d3 O-O 7. Bxc6 bxc6 8.
Nxe5 Bb7 9. Nd2 d5 10. exd5 cxd5 11. Nb3 Bb6 12. Bg5 Qd6 13. d4 Rac8 14. Bf4 c5
15. Ng6 Qd7 16. Nxf8 Rxf8 17. dxc5 Bd8 18. Re1 Bc6 19. Bd6 Re8 20. Rxe8+ Nxe8
21. Bg3 h6 22. Qd4 Bf6 23. Be5 Qf5 24. Re1 Kh7 25. Qd3 Qxd3 26. cxd3 Bxe5 27.
Rxe5 Nf6 28. d4 Ne4 29. Na5 Bd7 30. Rxd5 Be6 31. Re5 Nd2 32. b3 g5 33. c6 Kg7
34. c7 h5 35. Rxe6 fxe6 36. c8=Q Kf6 37. Qxa6 Kf5 38. Nc4 Nxc4 39. bxc4 e5 40.
Qb5 Ke4 41. Qxe5+ Kd3 42. c5 g4 43. Kf1 h4 44. Ke1 h3 45. gxh3 gxh3 46. Kd1 Kc3
47. Qe3+ Kb4 48. Qb3+ Ka5 49. Ke1 Ka6 50. Qb6# 1-0

[Event "SR 4. liga A21 2009/2010"]
[Site "?"]
[Date "2010.01.24"]
[Round "7.4"]
[White "Sedlak, Rastislav"]
[Black "Strapko, Tomas"]
[Result "0-1"]
[WhiteElo "1562"]
[BlackElo "1595"]
[PlyCount "132"]
[EventDate "2010.??.??"]

1. e4 c5 2. Nf3 Nc6 3. d4 cxd4 4. Nxd4 Nf6 5. Nc3 e5 6. Nf3 Bb4 7. Bd3 d5 8.
exd5 Qxd5 9. Be2 e4 10. Nd2 Bxc3 11. bxc3 e3 12. Nb3 Qxg2 13. Rf1 Ng4 14. Bxe3
Nxh2 15. Qd6 Nxf1 16. Bxf1 Qg6 17. O-O-O Qxd6 18. Rxd6 O-O 19. Bb5 Rd8 20.
Rxd8+ Nxd8 21. Nc5 Ne6 22. Ne4 a6 23. Bc4 Bd7 24. f4 Bc6 25. Nd6 b5 26. Bb3 Rd8
27. Nf5 Rd7 28. c4 Be4 29. Ng3 bxc4 30. Bxc4 Bd5 31. Bxa6 Bxa2 32. Kb2 Bd5 33.
c4 Bb7 34. Bb5 Rd3 35. Nf5 Be4 36. c5 Bxf5 37. Bxd3 Bxd3 38. Kc3 Ba6 39. f5 Nc7
40. Kd4 Nb5+ 41. Kd5 Bc8 42. Ke5 f6+ 43. Ke4 Kf7 44. c6 g6 45. fxg6+ hxg6 46.
Kd5 f5 47. Bg5 Nc3+ 48. Ke5 Ne4 49. Bd8 g5 50. c7 g4 51. Kf4 g3 52. Kf3 Kg6 53.
Bh4 Kh5 54. Be7 Kg6 55. Bh4 Kf7 56. Bd8 Ke8 57. Bh4 Kd7 58. Bd8 Kd6 59. Kg2 Ke5
60. Kf3 f4 61. Bh4 Kf5 62. Be7 Ng5+ 63. Kg2 Kg4 64. Bd6 f3+ 65. Kg1 Nh3+ 66.
Kh1 g2+ 0-1

[Event "SR 4. liga A21 2009/2010"]
[Site "?"]
[Date "2010.01.24"]
[Round "7.5"]
[White "Bartos, Bohumil"]
[Black "Klimes, Karel"]
[Result "1/2-1/2"]
[WhiteElo "1572"]
[BlackElo "1531"]
[PlyCount "110"]
[EventDate "2010.??.??"]

1. e4 e5 2. Nf3 Nc6 3. Bb5 d6 4. O-O Nf6 5. Re1 Be7 6. c3 a6 7. Ba4 O-O 8. d4
exd4 9. cxd4 b5 10. Bb3 Bg4 11. h3 Bh5 12. Nbd2 Nxd4 13. g4 Nxb3 14. Qxb3 Bg6
15. Nh4 Bxe4 16. Nxe4 Nxe4 17. Nf5 Nc5 18. Nxe7+ Qxe7 19. Rxe7 Nxb3 20. axb3
Rfc8 21. Bd2 c5 22. Rd7 f6 23. Rxd6 Rd8 24. Rxd8+ Rxd8 25. Be3 Rd3 26. Rxa6
Rxb3 27. Bxc5 Rxh3 28. Ra3 Rxa3 29. Bxa3 Kf7 30. Kf1 Ke6 31. Ke2 Kd5 32. Kd3 g6
33. f4 h5 34. gxh5 gxh5 35. Bb4 h4 36. Be1 h3 37. Bg3 f5 38. b3 b4 39. Bh2 Kc5
40. Bg1+ Kd5 41. Ke3 Kc5 42. Kf3+ Kd5 43. Bh2 Kd4 44. Bg1+ Kc3 45. Kg3 Kxb3 46.
Bc5 Kc4 47. Bxb4 h2 48. Kxh2 Kxb4 49. Kh3 Kc5 50. Kh4 Kd5 51. Kh5 Ke6 52. Kg6
Ke7 53. Kxf5 Kf7 54. Ke5 Ke7 55. f5 Kf7 1/2-1/2

[Event "SR 4. liga A21 2009/2010"]
[Site "?"]
[Date "2010.01.24"]
[Round "7.5"]
[White "Husek, Lubomir"]
[Black "Vepy, Ivan"]
[Result "0-1"]
[WhiteElo "1749"]
[BlackElo "1920"]
[PlyCount "84"]
[EventDate "2010.??.??"]

1. e4 e5 2. Nf3 d6 3. d4 exd4 4. Nxd4 Nf6 5. Nc3 Be7 6. Be2 O-O 7. Be3 a6 8. h3
c5 9. Nf3 Nc6 10. a3 b5 11. Bd3 Bb7 12. O-O Ne5 13. Nxe5 dxe5 14. Qf3 c4 15.
Be2 Qc8 16. Rad1 a5 17. Nd5 Nxd5 18. exd5 Ra6 19. Qe4 f5 20. Qxe5 Bf6 21. Qf4
Bxb2 22. Bc1 Bxc1 23. Qxc1 Qc5 24. Bf3 Rd6 25. Qe3 Qxe3 26. fxe3 Rfd8 27. e4
fxe4 28. Bxe4 Bxd5 29. Bxd5+ Rxd5 30. Rde1 Rf8 31. Re7 Rxf1+ 32. Kxf1 b4 33.
axb4 axb4 34. Rb7 Rd1+ 35. Ke2 Rb1 36. Rc7 c3 37. Rb7 Rc1 38. Rxb4 Rxc2+ 39.
Kf3 Rc1 40. Rd4 c2 41. Kf2 Kf7 42. g4 Rh1 0-1

[Event "SR 4. liga A21 2009/2010"]
[Site "?"]
[Date "2010.01.24"]
[Round "7.5"]
[White "Klimesova, Lucia"]
[Black "Leska, Marian"]
[Result "1/2-1/2"]
[WhiteElo "1522"]
[BlackElo "1668"]
[PlyCount "52"]
[EventDate "2010.??.??"]

1. e4 e6 2. d4 d5 3. exd5 exd5 4. Nf3 Nc6 5. Bf4 Nf6 6. Bb5 Bd7 7. O-O Be7 8.
Nbd2 O-O 9. c3 a6 10. Ba4 b5 11. Bb3 Bg4 12. h3 Bh5 13. Qc2 Re8 14. Ne5 Nxe5
15. Bxe5 c6 16. Rfe1 Bg6 17. Qc1 Bd6 18. Bxd6 Qxd6 19. Re3 Re6 20. Bc2 Rae8 21.
Bxg6 hxg6 22. Rxe6 Rxe6 23. Qd1 Qf4 24. Nf3 Nd7 25. Qc2 Qe4 26. Rc1 Qf4 1/2-1/2

[Event "SR 4. liga A21 2009/2010"]
[Site "?"]
[Date "2010.01.24"]
[Round "7.5"]
[White "Vogl, Zdenek"]
[Black "Kubik, Peter"]
[Result "1/2-1/2"]
[WhiteElo "1887"]
[BlackElo "1723"]
[PlyCount "90"]
[EventDate "2010.??.??"]

1. e4 c6 2. d4 d5 3. Nc3 dxe4 4. Nxe4 Bf5 5. Ng3 Bg6 6. Nf3 Nd7 7. Nh4 e6 8.
Nxg6 hxg6 9. Ne4 Ngf6 10. Nxf6+ Nxf6 11. c3 Qc7 12. h3 Be7 13. Qf3 O-O 14. Bc4
b5 15. Bb3 c5 16. Bf4 Qa5 17. dxc5 Bxc5 18. O-O b4 19. cxb4 Bxb4 20. Rfd1 Rfd8
21. Be3 Bc5 22. Bxc5 Qxc5 23. Rxd8+ Rxd8 24. Rd1 Rd4 25. Rxd4 Qxd4 26. Qa8+ Kh7
27. Qb7 Kg8 28. Qc8+ Kh7 29. Qc2 a5 30. a3 Ne4 31. Ba2 g5 32. Bb1 f5 33. Qe2
Nc5 34. Ba2 g6 35. Bxe6 Nxe6 36. Qxe6 Qxb2 37. Qe7+ Kh6 38. Qf8+ Kh5 39. Qc5
Qd2 40. Qe5 Qc1+ 41. Kh2 Qf4+ 42. Qxf4 gxf4 43. f3 Kh4 44. Kg1 Kg3 45. Kf1 g5
1/2-1/2

[Event "SR 4. liga A21 2009/2010"]
[Site "?"]
[Date "2010.01.24"]
[Round "7.5"]
[White "Wallner, Juraj"]
[Black "Drabek, Martin"]
[Result "0-1"]
[WhiteElo "1415"]
[BlackElo "1449"]
[PlyCount "50"]
[EventDate "2010.??.??"]

1. c4 e5 2. e3 Nc6 3. d4 exd4 4. exd4 d5 5. Nf3 Bg4 6. cxd5 Qxd5 7. Nc3 Qe6+ 8.
Be2 Bxf3 9. gxf3 Qf6 10. d5 O-O-O 11. Ne4 Qe5 12. Nc3 Bb4 13. Bd2 Nd4 14. O-O
Bxc3 15. bxc3 Nxe2+ 16. Kh1 Qxd5 17. Qxe2 Qxd2 18. Qe4 Nf6 19. Qa4 a6 20. c4
Qd3 21. Kg2 Rd4 22. Rac1 Rf4 23. Qd1 Rd8 24. Qb3 Qxb3 25. axb3 Rd3 0-1